The dynamics of mass communication /
Guardat en:
| Autor principal: | |
|---|---|
| Format: | Llibre |
| Idioma: | English |
| Publicat: |
Boston :
McGraw Hill,
1999.
|
| Edició: | 6th ed. |
| Matèries: | |
| Etiquetes: |
Afegir etiqueta
Sense etiquetes, Sigues el primer a etiquetar aquest registre!
|
| Thư viện lưu trữ: | Mạng thư viện Đại học Đà Nẵng |
|---|
| LEADER | 00811cam a2200325 i 4500 | ||
|---|---|---|---|
| 001 | 000045088 | ||
| 003 | 4211 | ||
| 005 | 20030225112208.0 | ||
| 008 | 010220|1999 vm 000 eng | ||
| 020 | |a 007290478X | ||
| 040 | |a IRC |c IRC |d IRC | ||
| 041 | 0 | |a eng | |
| 082 | 1 | 4 | |a 302.23 |b DO-J |
| 100 | 1 | |a Dominick, Joseph R. | |
| 245 | 0 | 4 | |a The dynamics of mass communication / |c Joseph R. Dominick. |
| 250 | |a 6th ed. | ||
| 260 | |a Boston : |b McGraw Hill, |c 1999. | ||
| 300 | |a xxiii, 568p. : |b ill. (some col.) | ||
| 630 | 0 | 4 | |a Communication. |
| 650 | 0 | 4 | |a Mass media. |
| OWN | |a DUT | ||
| 999 | |a From the UDN01 | ||
| TYP | |a Monograph | ||
| TYP | |a Printed language | ||
| 980 | |a Mạng thư viện Đại học Đà Nẵng | ||


